Biblioteca

La relación matrimonial: Estudio exegético de Efesios 5:21-33 y sus implicaciones para el matrimonio de hoy / Joaquín Pastor Fernández (Registro nro. 34879)

Detalles MARC
000 -LÍDER
Campo fijo de descripción fija 006870000a22001570004500
001 - NÚMERO DE CONTROL
Campo de control 4269
100 1# - ASIENTO PRINCIPAL--NOMBRE PERSONAL
Nombre personal Pastor Fernández, Joaquín
245 10 - TÍTULO
Título del Material La relación matrimonial: Estudio exegético de Efesios 5:21-33 y sus implicaciones para el matrimonio de hoy / Joaquín Pastor Fernández
260 ## - PUBLICACIÓN, DISTRIBUCIÓN, ETC. (PIE DE IMPRENTA)
Lugar de publicación, distribución, etc. Medellín, Colombia
300 ## - DESCRIPCIÓN FÍSICA
Extensión 124 Pag
500 ## - NOTA GENERAL
Nota General Tesis (maestría)--Seminario Bíblico de Colombia
942 ## - TIPO DE MATERIAL (KOHA)
Tipo de Item KOHA Libros General
Existencias
Estado de Material Estado de Perdido Estado de Dañado No para Préstamo Colección Tomo Biblioteca de Origen Biblioteca Permanente Fecha de Adquisición Total de Préstamos Signatura Topográfica Código de Barras Última vez visto Última vez Préstado Ejemplar/Existencia Fecha de Remplazo Tipo de Material
        Trabajos de grado   Biblioteca FUSBC Biblioteca FUSBC 06/12/2004 1 T P2687r 11384 12/12/2019 30/09/2016 1 26/01/2016 Trabajos de Grado

Biblioteca FUSBC | Teléfono: (57+4) 349 88 10 Ext. 141| WhatsApp (+57) 3005338115 
E-mail: biblioteca@unisbc.edu.co | Calle 76 87-14 Robledo Palenque, Medellín, Colombia

Con tecnología Koha